| 000 | 01107nam a2200277Ia 4500 | ||
|---|---|---|---|
| 003 | OSt | ||
| 005 | 20221005103549.0 | ||
| 006 | a|||||r|||| 00| 0 | ||
| 007 | ta | ||
| 008 | 221004b |||||||| |||| 00| 0 hin d | ||
| 020 |
_a9788177114072 (hbk) _c550 |
||
| 024 | _a9238 | ||
| 037 |
_b693/1, 28/02/2014, Vidyanidhi Prakashan _cTextual |
||
| 040 |
_aCRL _cCRL _bhin |
||
| 041 |
_2hin _ahin |
||
| 082 | _aO15v, 152Q3 | ||
| 100 | _aत्रिपाठी, राकेश मणि | ||
| 245 | 0 | _aसंस्कृत साहित्य का मौलिक इतिहास | |
| 246 | _aSanskṛut sāhitya kā maulik itihāsa | ||
| 260 |
_aजयपुर _bसाहित्यागार भारत _c2013 |
||
| 300 |
_a340पृ0 _ccm. |
||
| 650 | _aसंस्कृत साहित्य | ||
| 700 | _a तातेड़, सोहन राज | ||
| 942 |
_hO15v, 152Q3 _cTEXL _2cc |
||
| 999 |
_c1010299 _d1010299 |
||